Estatísticas para Nomeie um Clube do Rio Grande do Sul com cada letra:

Clique aqui para jogar o quiz

Estatísticas Gerais

  • Esse quiz foi jogado 390 vezes
  • A pontuação média é 11 de 18

Estatísticas das Respostas

LetraTimes% Correto
IInternacional, Igrejinha, Internacional-SM,
99%
GGuarany de Bagé, Grêmio, Glória, Guarani-VA, Gaúcho, Garibaldi,
98%
CCaxias, Cruzeiro-RS
90%
JJuventude
89%
BBrasil de Pelotas, Brasil de Farroupilha, Bagé
86%
YYpiranga
84%
SSão Luiz, São José, São Paulo-RS, São Gabriel, São Borja, Santa Cruz-RS, Sapucaiense, Santo Ângelo,
79%
AAimoré, Avenida, Atlético Carazinho,
74%
PPasso Fundo, Pelotas
71%
NNovo Hamburgo, Novo Horizonte, Nova Prata,
69%
EEsportivo, Elite
62%
RRio Grande, Riopardense, Riograndense,
48%
VVeranópolis
46%
LLajeadense
42%
UUnião Frederiquense, União Harmonia
39%
TTupi, Três Passos
22%
MMarau
16%
DDoze Horas
8%

Distribuição das Pontuações

Percentil de Números Respondidos

Porcentagem de Pessoas com Cada Pontuação

Sua Pontuação Histórica

Você não jogou esse quiz